Bulk water pipelines / (Record no. 532460)

000 -LEADER
fixed length control field 01261nam a2200349 a 4500
001 - CONTROL NUMBER
control field 1209814
003 - CONTROL NUMBER IDENTIFIER
control field NUST
005 - DATE AND TIME OF LATEST TRANSACTION
control field 20191121111359.0
008 - FIXED-LENGTH DATA ELEMENTS--GENERAL INFORMATION
fixed length control field 980212s1997 enka bf 000 0 eng d
010 ## - LIBRARY OF CONGRESS CONTROL NUMBER
LC control number 98227905
015 ## - NATIONAL BIBLIOGRAPHY NUMBER
National bibliography number GB98-16305
020 ## - INTERNATIONAL STANDARD BOOK NUMBER
International Standard Book Number 0727726099
035 ## - SYSTEM CONTROL NUMBER
System control number (OCoLC)38422846
038 ## - RECORD CONTENT LICENSOR
Staff Name MSOHAIL
040 ## - CATALOGING SOURCE
Original cataloging agency UkNcU
Transcribing agency UkNcU
Modifying agency AzTeS
-- Uk
-- DLC
042 ## - AUTHENTICATION CODE
Authentication code lccopycat
050 00 - LIBRARY OF CONGRESS CALL NUMBER
Classification number TD491
Item number .B87 1997
082 00 - DEWEY DECIMAL CLASSIFICATION NUMBER
Classification number 628.1/5/0288
Edition number 21
100 1# - MAIN ENTRY--PERSONAL NAME
Personal name Burstall, Tim,
Dates associated with a name 1954-
9 (RLIN) 25997
245 10 - TITLE STATEMENT
Title Bulk water pipelines /
Statement of responsibility, etc. Tim Burstall.
260 ## - PUBLICATION, DISTRIBUTION, ETC.
Place of publication, distribution, etc. London :
Name of publisher, distributor, etc. Thomas Telford,
Date of publication, distribution, etc. 1997.
300 ## - PHYSICAL DESCRIPTION
Extent xxi, 183 p. :
Other physical details ill. ;
Dimensions 24 cm.
504 ## - BIBLIOGRAPHY, ETC. NOTE
Bibliography, etc. note Includes bibliographical references (p. [164]-[167]).
650 #0 - SUBJECT ADDED ENTRY--TOPICAL TERM
Topical term or geographic name entry element Water-pipes
General subdivision Maintenance and repair
-- Handbooks, manuals, etc.
9 (RLIN) 25998
650 #0 - SUBJECT ADDED ENTRY--TOPICAL TERM
Topical term or geographic name entry element Water-pipes
General subdivision Design and construction
-- Handbooks, manuals, etc.
9 (RLIN) 25999
650 #0 - SUBJECT ADDED ENTRY--TOPICAL TERM
Topical term or geographic name entry element Pipelines
General subdivision Design and construction
-- Handbooks, manuals, etc.
9 (RLIN) 26000
650 #0 - SUBJECT ADDED ENTRY--TOPICAL TERM
Topical term or geographic name entry element Pipelines
General subdivision Maintenance and repair
-- Handbooks, manuals, etc.
9 (RLIN) 26001
650 #0 - SUBJECT ADDED ENTRY--TOPICAL TERM
Topical term or geographic name entry element Water
General subdivision Distribution.
9 (RLIN) 6213
906 ## - LOCAL DATA ELEMENT F, LDF (RLIN)
a 7
b cbc
c copycat
d 2
e ncip
f 19
g y-gencatlg
942 ## - ADDED ENTRY ELEMENTS (KOHA)
Source of classification or shelving scheme
Koha item type Book
Holdings
Withdrawn status Lost status Source of classification or shelving scheme Damaged status Not for loan Permanent Location Current Location Date acquired Total Checkouts Full call number Barcode Date last seen Price effective from Koha item type
          School of Civil and Environmental Engineering (SCEE) School of Civil and Environmental Engineering (SCEE) 11/21/2019   628.150288 NIT-12365 11/21/2019 11/21/2019 Book
© 2023 Central Library, National University of Sciences and Technology. All Rights Reserved.